| 000 | 00764nam a22001577a 4500 | ||
|---|---|---|---|
| 003 | LRUA | ||
| 005 | 20200114151111.0 | ||
| 008 | 200114b xxu||||| |||| 00| 0 eng d | ||
| 040 | _cRUA | ||
| 082 | _aAED HAM 2016 B657 Or.1 | ||
| 100 |
_914111 _aHAM INTRAK CHESDA ហម ឥន្រ្ទចេស្តា |
||
| 245 | _athe study on household livelihood in prey pkhoum commune, angkor borey district, takeo province ការសិក្សារអំពីកម្រិតជីវភាពរស់នៅរបស់ប្រជាជននៅក្នុងឃុំព្រៃផ្គាំ ស្រុកអង្គបុរី ខេត្តតាកែវ | ||
| 260 |
_aRUA _bPhnom penh _c2016 |
||
| 300 |
_axi;55p _bill; _c29cm |
||
| 942 |
_2ddc _cAED |
||
| 999 |
_c18720 _d18720 |
||